La dissolution opposée a l'évolution dans les sciences physiques et morales / (Record no. 156909)

MARC details
000 -LEADER
campo de control de longitud fija 00746nam a22002055i 4500
001 - NÚMERO DE CONTROL
campo de control 156909
003 - IDENTIFICADOR DE NÚMERO DE CONTROL
campo de control ES-MaACL
005 - FECHA Y HORA DE LA ÚLTIMA TRANSACCIÓN
campo de control 20250804062751.0
008 - DATOS DE LONGITUD FIJA--INFORMACIÓN GENERAL
campo de control de longitud fija 010605s1899 fr |||| | fre d
040 ## - FUENTE DE CATALOGACIÓN
Centro catalogador/agencia de origen CCPB | B
Lengua de catalogación spa
Centro/agencia transcriptor CCPB | B
100 1# - ENTRADA PRINCIPAL--NOMBRE DE PERSONA
Nombre de persona Lalandre, André.
9 (RLIN) 128609
245 13 - MENCIÓN DEL TÍTULO
Título La dissolution opposée a l'évolution dans les sciences physiques et morales /
Mención de responsabilidad, etc. par André Lalande.
260 ## - PUBLICACIÓN, DISTRIBUCIÓN, ETC.
Lugar de publicación, distribución, etc. Paris :
Nombre del editor, distribuidor, etc. Ancienne Librairie Germer Baillière & C\pie\s Félix Alcan, éditeur,
Fecha de publicación, distribución, etc. 1899 (
Lugar de fabricación/manufactura Chartres :
Fabricante Imprimerie Durand)
300 ## - DESCRIPCIÓN FÍSICA
Extensión 492 p. ;
Dimensiones 23 cm.
650 #7 - PUNTO DE ACCESO ADICIONAL DE MATERIA--TÉRMINO DE MATERIA
Término de materia o nombre geográfico como elemento de entrada Filosofía
Fuente del encabezamiento o término embne
9 (RLIN) 12802
752 ## - ENTRADA AGREGADA--NOMBRE JERÁRQUICO DEL LUGAR
País o entidad superior Francia -
Ciudad París
752 ## - ENTRADA AGREGADA--NOMBRE JERÁRQUICO DEL LUGAR
País o entidad superior Francia -
Ciudad Chartres
852 ## - LOCALIZACIÓN
Ubicación ES-MaACL
Número de control de estantería B-6811
Nota libre -- Enc. hol.
Holdings
Estatus retirado Estado de pérdida Estado de daño No para préstamo Colección Biblioteca de origen Biblioteca actual Ubicación en estantería Fecha de adquisición Fuente de adquisición Total de préstamos Signatura topográfica completa Código de barras Visto por última vez Precio de reemplazo Tipo de ítem Koha
        Libros del s. XIX Biblioteca del Ateneo de Madrid Biblioteca del Ateneo de Madrid Sala Pardo Bazán 17/01/2008     B-6811 1164171 23/02/2023 23/02/2023 Libro impreso antiguo